ça va faire du bruit 4 (mort subite) - Statistiques

Statistiques générales
  • Ce quiz a été pris 66 fois
  • Le résultat moyen est 8 sur 12
Answers on the Grid
Answers color-coded by a green-red scale on the quiz's grid according to % correct below.
Gutural
Feutré
Dépaysant
Etourdissant
Fracassant
Strident
Tenu
Assourdissant
Argentin
Sourd
Grave
Crépitant
Vaguelette
Faible
Fort
Aigu
 
Statistiques - réponses
Réponse % Correct
Fracassant
92%
Aigu
90%
Assourdissant
88%
Strident
88%
Fort
87%
Grave
83%
Crépitant
79%
Etourdissant
58%
Sourd
44%
Faible
40%
Feutré
25%
Argentin
12%
Aucun quiz correspondant
Distribution des résultats
% des personnes avec chaque résultat
Percentile par nombre de réponses
Votre historique - résultats
Vous n’avez pas pris ce quiz